| 000 | 00921cam a22002054a 4500 | ||
|---|---|---|---|
| 005 | 20250605164049.0 | ||
| 008 | 250528s ||||||||||||||||||||||||d | ||
| 035 | _a17231 | ||
| 020 | _a198284446 | ||
| 040 |
_aGR-AtMCL _bgre _dGR-AtMCL _eAACR2 |
||
| 245 | 1 | _aThe Economic History of Eastern Europe 1919-1975 / Volume I: Economic Structure and Performance Between Two Wars | |
| 260 |
_bClarendon Press, _c1985 |
||
| 300 | _a620 | ||
| 520 | _aNotes, Acknowledgements, Introduction, General Characteristics of the Region Between the Wars, Human Resources, Agriculture, Raw Materials and Energy, Industry, Infrastructure, Foreign Trade Performance, upplementary Tables, Methodology for the Commodity Classification, Appendix: Foreign-Trade Matrices 1920-49, National Income and Product, Index. | ||
| 700 | 1 |
_aKaser C. M _93393 |
|
| 700 | 1 |
_aRadice A. E _93394 |
|
| 942 | _cBK | ||
| 999 |
_c2661 _d2661 |
||